00739nam a2200193 a 45000010005000000030005000050050017000100080041000270200015000680400020000832450097001032600057002003000029002575050129002866500051004156500053004667000011005197000015005304585CDMR20231018123439.0130130s2005||||||||||||||||||||||||||||d a8439369298 aCDMRbcatcCDMR00aFotògrafes pioneres a Catalunyac/ [textos i selecció fotogràfica: Colita i Mary Nash] aBarcelona : bInstitut Català de les Dones, c2005 a241 p. : bil. ; c25 cm aCatàleg de l'exposició celebrada al Palau Robert de Barcelona entre el 20 de desembre de 2005 i el 28 de febrer de 2006. 0aFotografiazCatalunyaxHistòriavExposicions 0aFotògrafeszCatalunyaxHistòriavExposicions0 aColita aNash, Mary